000 00415cam a22001337a 4500
008 180718b1966 xxu||||| |||| 00| 0 eng d
082 _aA99 N988s/1
100 _aNyerere, Julius K.
245 _aFreedom and unity: a selection from writings and speeches 1952- 1965
_cby Julius K. Nyerere
260 _aLondon
_bOxford
_c1966
300 _axii, 366p
650 _aTanzania
650 _aAfrica -Politics and government
999 _c415642
_d415642